000
00217nam a22000857a 4500
008
170121b xxu||||| |||| 00| 0 eng d
100
_9
2525
_a
CBSE
245
_a
Problem Solving Assessment XI
260
_a
New Delhi
_b
CBSE
_c
2014
999
_c
5609
_d
5609